Využitie hodnotiacich portálov ako aktívny nástroj marketingu hotelierstva

Oblasť hotelierstva a rôzne formy propagácie a podpory predaja produktov alebo služieb v hotelierstve. Referenčný marketing, ktorý sa v oblasti hotelierstva dosiahne využitím hodnotiacich portálov.

Salvato in:
Dettagli Bibliografici
Autore principale: Svoboda, Ján
Natura: Capitolo di libro
Lingua:slovacco
Soggetti:
Tags: Aggiungi Tag
Nessun Tag, puoi essere il primo ad aggiungerne!!

MARC

LEADER 00000nla$a2200000$$$4500
001 0147244
005 20190726101952.5
041 0 |a slo 
044 |a SK 
245 1 0 |a Využitie hodnotiacich portálov ako aktívny nástroj marketingu hotelierstva  |c Ján Svoboda 
520 |a Oblasť hotelierstva a rôzne formy propagácie a podpory predaja produktov alebo služieb v hotelierstve. Referenčný marketing, ktorý sa v oblasti hotelierstva dosiahne využitím hodnotiacich portálov. 
610 2 0 |a propagácia 
610 2 0 |a reklama 
610 2 0 |a prezentácia 
610 2 0 |a podpora predaja 
610 2 0 |a hotelierstvo 
610 2 0 |a služby doplnkové 
610 2 0 |a marketing 
610 2 0 |a technológie informačné 
610 2 0 |a technológie komunikačné 
100 1 |a Svoboda, Ján